000 00732cab a2200229 4500
001 ABS38128
008 090401t1987 xxu||||| |||| 00| 0 eng d
035 _a(Sirsi) u8845
041 _aeng
245 _aExternal landscapes
260 _c1987
350 _a0
490 _aBuilding
_v252(37) 11 September 1987, 59-75(10)
520 _aA Building technology special looks at successful landscaping projects, how they have added to the appeal of developments and the challenge of bringing contaminated land back to use.
650 _aBRIAN CLOUSTON AND PARTNERS
650 _aHARD LANDSCAPING
650 _aSOFT LANDSCAPING
650 _aSURREY QUAYS
690 _aBUILT ENVIRONMENT
942 _n0
948 _c04/03/1997
999 _c5478
_d5478